|
|
|
|
| LEADER |
00000nam0a2200000 4500 |
| 001 |
359932 |
| 005 |
20231102011231.0 |
| 010 |
|
|
|b 1000 экз.
|
| 035 |
|
|
|a (RuTPU)RU\TPU\retro\17238
|
| 090 |
|
|
|a 359932
|
| 100 |
|
|
|a 20210209d1947 m y0rusy50 ca
|
| 101 |
0 |
|
|a rus
|
| 102 |
|
|
|a RU
|
| 105 |
|
|
|a y p 000zy
|
| 200 |
1 |
|
|a Сборник аннотаций по законченным в 1946 году научно-исследовательским работам
|f Томский политехнический институт
|
| 210 |
|
|
|a Томск
|c [Б. и.]
|d 1947
|
| 215 |
|
|
|a 43 с.
|
| 606 |
1 |
|
|a Научно-исследовательская работа
|2 stltpush
|3 (RuTPU)RU\TPU\subj\45139
|
| 606 |
1 |
|
|a Томский политехнический университет
|2 stltpush
|3 (RuTPU)RU\TPU\subj\67475
|9 83260
|
| 610 |
1 |
|
|a ТПУ
|
| 610 |
1 |
|
|a НИР
|
| 610 |
1 |
|
|a аннотации
|
| 610 |
1 |
|
|a геология
|
| 610 |
1 |
|
|a петрография
|
| 610 |
1 |
|
|a полезные ископаемые
|
| 610 |
1 |
|
|a горная механика
|
| 610 |
1 |
|
|a металловедение
|
| 610 |
1 |
|
|a химия
|
| 610 |
1 |
|
|a электротехника
|
| 610 |
1 |
|
|a теплотехника
|
| 610 |
1 |
|
|a техника высоких напряжений
|
| 610 |
1 |
|
|a теплосиловые установки
|
| 610 |
1 |
|
|a физика
|
| 610 |
1 |
|
|a начертательная геометрия
|
| 610 |
1 |
|
|a иностранные языки
|
| 610 |
1 |
|
|a Коллекция История ТПУ
|
| 610 |
1 |
|
|a труды учёных ТПУ
|
| 675 |
|
|
|a 62.001.5(04)
|v 4
|
| 686 |
|
|
|a Ч484(2)72ТПУ
|v LBC/SL-A
|2 rubbk
|
| 712 |
0 |
2 |
|a Томский политехнический институт
|c (1944-1991)
|2 stltpush
|3 (RuTPU)RU\TPU\col\1123
|9 23521
|
| 801 |
|
1 |
|a RU
|b 63413507
|c 20210209
|
| 801 |
|
2 |
|a RU
|b 63413507
|c 20210209
|g RCR
|
| 942 |
|
|
|c BK
|